Animals that Appear on Ukrainian Flags - Statistics

General Stats
  • This quiz has been taken 15 times
  • The average score is 6 of 9
Answer Stats
Countries Animal % Correct
Zakarpattia Oblast Bear
92%
Lviv Oblast Lion
85%
Kirovohrad Oblast, Chernihiv Oblast Eagle
77%
Kharkiv Oblast Snake
77%
Kyiv Oblast Dragon
69%
Luhansk Oblast, Kyiv Oblast Horse
69%
Ivano-Frankivsk Oblast Jackdaw
62%
Chernivtsi Oblast Falcon
46%
Luhansk Oblast Groundhog
38%
No matching quizzes found
Score Distribution
Percent of People with Each Score
Percentile by Number Answered
Your Score History
You have not taken this quiz